000 00376 a2200169 4500
001 189242
020 _a978-85-16-05652-0
040 _cMagnum
100 _aGastaldi, Maria Virgínia
240 1 0 _aPríncipes e princesas
_lpor
245 1 0 _aPríncipes e princesas
300 _a32
362 0 _a2008
440 1 _aModerna
697 _aLITERATURA INFANTO
942 _cBK
999 _c189242
_d189242